|
|
|
|
| LEADER |
01194nam a2200313 a 4500 |
| 001 |
970 |
| 003 |
BD-DhAAL |
| 005 |
20150302110907.0 |
| 008 |
150302s1997 ii a b 001 0 eng |
| 010 |
|
|
|a 97018629
|
| 020 |
|
|
|a 0803993889 (U.S : c : alk. paper)
|
| 020 |
|
|
|a 0803993897 (U.S : p : alk. paper)
|
| 020 |
|
|
|a 8170366402 (India)
|
| 020 |
|
|
|a 8170366410 (India : pbk.)
|
| 040 |
|
|
|a DLC
|c DLC
|d C#P
|d MYG
|d BD-DhAAL
|
| 050 |
0 |
0 |
|a HD58.82
|b .S55 1997
|
| 082 |
0 |
0 |
|a 658.4/063
|2 21
|
| 100 |
1 |
|
|a Shukla, Madhukar,
|d 1955-
|9 8919
|
| 245 |
1 |
0 |
|a Competing through knowledge :
|b building a learning organization /
|c Madhukar Shukla.
|
| 260 |
|
|
|a New Delhi ;
|a Thousand Oaks, Calif. :
|b Response Books,
|c 1997.
|
| 300 |
|
|
|a 334 p. :
|b ill. ;
|c 22 cm.
|
| 504 |
|
|
|a Includes bibliographical references (p. [308]-324) and indexes.
|
| 541 |
|
|
|e 970
|
| 650 |
|
0 |
|a Organizational learning.
|9 8920
|
| 650 |
|
0 |
|a Organizational effectiveness.
|9 8921
|
| 650 |
|
0 |
|a Organizational change
|x Management.
|9 8922
|
| 942 |
|
|
|2 ddc
|c BK
|
| 999 |
|
|
|c 33841
|d 33841
|
| 952 |
|
|
|0 0
|1 0
|2 ddc
|4 0
|6 658_406300000000000_SHU
|7 0
|9 52831
|a SCL
|b SCL
|c GEN
|d 2015-03-02
|g 250.00
|l 0
|o 658.4063 SHU
|p 3020000970
|r 2015-03-02
|t 1
|w 2015-03-02
|y BK
|